Cuatro décadas en la historia económica de América Latina /
El objetivo es presentar un resumen de los principales eventos e interpretaciones concernientes al desarrollo de las economías de América Latina desde 1960. Establece un estudio comparativo desde un punto de vista histórico con relación a los aspectos principales característicos de las condiciones e...
Guardat en:
| Autor principal: | |
|---|---|
| Format: | Text |
| Matèries: | |
| Etiquetes: |
Afegir etiqueta
Sense etiquetes, Sigues el primer a etiquetar aquest registre!
|
MARC
| LEADER | 00000 a a2200000 04500 | ||
|---|---|---|---|
| 001 | 2553 | ||
| 003 | |||
| 040 | |||
| 100 | |a Reyes, Giovanni E. | ||
| 245 | |a Cuatro décadas en la historia económica de América Latina / |c Giovanni E. Reyes | ||
| 520 | |a El objetivo es presentar un resumen de los principales eventos e interpretaciones concernientes al desarrollo de las economías de América Latina desde 1960. Establece un estudio comparativo desde un punto de vista histórico con relación a los aspectos principales característicos de las condiciones externas e internas para las economías latinoamericanas. Contiene tres secciones de carácter histórico: a) las décadas del sesenta y setenta: desde la estabilidad relativa a la generación de la deuda externa, b) la década de los ochenta con el inicio de los programas de ajuste económico y la acentuación de la crisis social y c) la década del noventa con resultados en términos de crecimiento de producción y la continuidad de las políticas de ajuste macroeconómico. LCL | ||
| 650 | |a CONDICIONES ECONOMICAS | ||
| 650 | |a INDICADORES ECONOMICOS | ||
| 650 | |a CRECIMIENTO ECONOMICO | ||
| 650 | |a AJUSTE ESTRUCTURAL | ||
| 650 | |a PROBLEMAS SOCIALES | ||
| 650 | |a PRODUCTO INTERNO BRUTO | ||
| 650 | |a EXPORTACIONES | ||
| 650 | |a BALANZA DE PAGOS | ||
| 773 | |g número 60; páginas 109-148 | ||
| 999 | |c 38811 |d 38811 | ||
